000 00775nam a2200253Ia 4500
008 160803s9999 xx 000 0 und d
020 _a0 439062381
100 _aGreenwood, Barbara
245 4 _aThe last safe house :
245 _ba story of the underground railroad /
245 _cwritten by Barbara Greenwood ; illustrated by Heather Collins.
260 _aNew York :
260 _bScholastic Inc.
260 _c1998
300 _a119 pages :
300 _billustrations, map, music ;
300 _c24 cm
650 _aFugitive slaves -- Canada -- Juvenile literature.
650 _aFugitive slaves -- United States --
650 _aUnderground Railroad --
650 _xJuvenile literature.
650 _xJuvenile literature.
700 _a850
999 _c299178
_d299178